| 000 | 00457nam a2200181Ia 4500 | ||
|---|---|---|---|
| 005 | 20240823011050.0 | ||
| 008 | 240823s9999||||xx |||||||||||||| ||und|| | ||
| 082 | _A621.3692 P1 | ||
| 100 | _a"Mynbaev,Djafar K" | ||
| 245 | 0 | _aFiber - Optic Communication Technology | |
| 250 | _a1st | ||
| 260 |
_c2001 _b"Pearson,Singapure" |
||
| 500 | _aYES | ||
| 650 |
_aElectronics _bElectronics |
||
| 700 | _a" Scheiner,Lowell L" | ||
| 942 | _cBK | ||
| 999 |
_c160449 _d160449 |
||